Βασικό λεξικό της αρχαίας Ελληνικής : ορθογραφικό, ερμηνευτικό, ετυμολογικό : με διάγραμμα ιστορίας της αρχαίας Ελληνικής και χρήσιμους πίνακες

Αποθηκεύτηκε σε:
Λεπτομέρειες βιβλιογραφικής εγγραφής
Κύριος συγγραφέας: Μαρκαντωνάτος, Γεράσιμος Αν., 1938-
Άλλοι συγγραφείς: Μοσχόπουλος, Θεοδόσης, 1937-, Χωραφάς, Ευστράτιος
Μορφή: Βιβλίο
Γλώσσα:Greek
Δημοσίευση: Αθήνα : Gutenberg, 1994
Σειρά:Αρχείο θεωρητικής παιδείας ; ; 2
Θέματα:
Ετικέτες: Προσθήκη ετικέτας
Δεν υπάρχουν, Καταχωρήστε ετικέτα πρώτοι!

MARC

LEADER 00000cam a2200000 i 4500
001 1/80600
008 960827s1994 gre d
020 |a 960-01-0513-8 
035 |a 1995  |b 1  |c Σκούρτου  |l 10033485 
035 |a 1998  |b 2  |c ΚΠΣ/ΔΕ 
040 |a GR-MY-UA  |b gre  |e aacr 
041 0 |a gre 
082 0 |a Π 483 
100 1 |a Μαρκαντωνάτος, Γεράσιμος Αν.,   |d 1938- 
245 1 0 |a Βασικό λεξικό της αρχαίας Ελληνικής :  |b ορθογραφικό, ερμηνευτικό, ετυμολογικό : με διάγραμμα ιστορίας της αρχαίας Ελληνικής και χρήσιμους πίνακες /  |c Γεράσιμος Μαρκαντωνάτος, Θ. Μοσχόπουλος, Ε. Χωραφάς 
260 |a Αθήνα :   |b Gutenberg,   |c 1994 
300 |a 472 σ. 
490 1 |a Αρχείο Θεωρητικής Παιδείας  |v ; 2 
650 0 0 |a Greek language, Hellenistic (300 B.C.-600 A.D.)  |x Dictionaries. 
700 1 |a Μοσχόπουλος, Θεοδόσης,   |d 1937- 
700 1 |a Χωραφάς, Ευστράτιος. 
830 0 |a Αρχείο θεωρητικής παιδείας ;  |v ; 2 
852 |a INST  |b RHODES  |e 19960827  |h 483 ΜΑΡ  |p 005400007158  |q 005400007158  |t REF  |y 23 
852 |a INST  |b RHODES  |e 19990305  |h 483 ΜΑΡ  |p 005400015488  |q 005400015488  |t REF  |y 23 
909 |a Ρ  |b 040090  |c 1995 
909 |a Ρ  |b 057159  |c 1998